LEADER 03838 am 2200805 n 450 001 9910342954203321 005 20190919 010 $a2-35412-420-1 024 7 $a10.4000/books.pupvd.6855 035 $a(CKB)4100000009609490 035 $a(FrMaCLE)OB-pupvd-6855 035 $a(oapen)https://directory.doabooks.org/handle/20.500.12854/43875 035 $a(PPN)240423666 035 $a(EXLCZ)994100000009609490 100 $a20191022j|||||||| ||| 0 101 0 $afre 135 $auu||||||m|||| 181 $ctxt$2rdacontent 182 $cc$2rdamedia 183 $acr$2rdacarrier 200 10$aConservation-restauration de l?architecture du mouvement moderne /$fCatherine Compain-Gajac 210 $aPerpignan $cPresses universitaires de Perpignan$d2019 215 $a1 online resource (271 p.) 311 $a2-35412-174-1 330 $aLe patrimoine architectural du xxe siècle, en cours de création, nécessite de s?interroger sur les principaux enjeux de sa conservation : que conserver, pourquoi conserver, comment conserver ? Dans le cadre de la réflexion internationale menée sur la question de la patrimonialisation de l?architecture du xxe siècle - conservation, restauration -, un colloque a été organisé au sein de l?Université de Toulouse-Le Mirail au mois d?avril 2010, l?architecture de Georges Candilis servant de prétexte idéal. Intitulé « Conservation, restauration de l?Architecture du mouvement moderne : l?exemple de l?Université de Toulouse-Le Mirail de Georges Candilis », ce colloque a rassemblé des acteurs essentiels du monde de l?architecture en France dont les recherches portent sur la question de la patrimonialisation d?édifices de l?architecture du xxe siècle. La richesse des personnalités et des parcours a ainsi permis d?envisager le sujet à travers ses diverses dimensions permettant un échange objectif et constructif sur divers aspects de cette problématique. Les actes de ce colloque se donnent pour objectif de participer à la réflexion sur les orientations que sont amenées à prendre les institutions responsables de la conservation du patrimoine. 606 $aArts & Humanities 606 $aRestauration 606 $aarchitecture 606 $aconservation 606 $amouvement moderne 606 $apatrimonialisation 606 $aXXe siècle 610 $aconservation 610 $aXXe siècle 610 $aRestauration 610 $apatrimonialisation 610 $amouvement moderne 610 $aarchitecture 615 4$aArts & Humanities 615 4$aRestauration 615 4$aarchitecture 615 4$aconservation 615 4$amouvement moderne 615 4$apatrimonialisation 615 4$aXXe siècle 700 $aAbram$b Joseph$0285452 701 $aAlzieu$b Isabelle$01286077 701 $aCailliau$b Agnès$01286078 701 $aChaljub$b Bénédicte$01286079 701 $aCompain-Gajac$b Catherine$01286080 701 $aDenante$b Sylvie$01286081 701 $aDuport$b Laurent$01286082 701 $aHottin$b Christian$01281625 701 $aJaillet$b Marie-Christine$01286083 701 $aMartinez$b Léo$01286084 701 $aMinovez$b Jean-Michel$0253505 701 $aMonnier$b Gérard$038705 701 $aPapillault$b Rémi$01286085 701 $aPinson$b Daniel$0685434 701 $aRagot$b Gilles$036140 701 $aSaboya$b Marc$01286086 701 $aToulier$b Bernard$0328062 701 $aVoldman$b Danièle$0738699 701 $aWeidknnet$b Pierre$01286087 701 $aCompain-Gajac$b Catherine$01286080 801 0$bFR-FrMaCLE 906 $aBOOK 912 $a9910342954203321 996 $aConservation-restauration de l?architecture du mouvement moderne$93019707 997 $aUNINA LEADER 03539nam 2200829Ia 450 001 9910969949703321 005 20251117083240.0 010 $a9786612703089 010 $a9780748653164 010 $a0748653163 010 $a9781282703087 010 $a1282703080 010 $a9780748637331 010 $a0748637338 024 7 $a10.1515/9780748637331 035 $a(CKB)2520000000007118 035 $a(EBL)1962252 035 $a(SSID)ssj0000426455 035 $a(PQKBManifestationID)11307416 035 $a(PQKBTitleCode)TC0000426455 035 $a(PQKBWorkID)10373753 035 $a(PQKB)10617595 035 $a(UkCbUP)CR9780748637331 035 $a(StDuBDS)EDZ0000055613 035 $a(Au-PeEL)EBL1962252 035 $a(CaPaEBR)ebr10367667 035 $a(CaONFJC)MIL270308 035 $a(OCoLC)760168350 035 $a(DE-B1597)615156 035 $a(DE-B1597)9780748637331 035 $a(OCoLC)1306539495 035 $a(PPN)201693364 035 $a(MiAaPQ)EBC1962252 035 $a(EXLCZ)992520000000007118 100 $a20090205d2009 uy| 0 101 0 $aeng 135 $aur||||||||||| 181 $ctxt$2rdacontent 182 $cc$2rdamedia 183 $acr$2rdacarrier 200 00$aPublic violence in Islamic societies $epower, discipline, and the construction of the public sphere, 7th-9th centuries CE /$fedited by Christian Lange and Maribel Fierro 205 $a1st ed. 210 $aEdinburgh $cEdinburgh University Press$d2009 215 $a1 online resource (viii, 304 pages) $cdigital, PDF file(s) 300 $aTitle from publisher's bibliographic system (viewed on 02 Oct 2015). 311 08$a9780748637317 311 08$a0748637311 320 $aIncludes bibliographical references and index. 327 $aPart I -- Public violence and the construction of the public sphere -- Part II -- ritual dimensions of violence -- Part III -- Representations of public violence. 330 $aThis volume explores the use of violence in the construction of Islamic public and private spheres. It contributes to the growing interest in the vital question of Muslim attitudes towards violence. Editors blurb: This volume offers the first hitherto available overview of the role of public violence in the history of Muslim societies. Islam is often perceived as a civilization breeding violence toward the outside. To counter such negative stereotypes, the approach of this volume is to stress the nature of violence as a means of political dominion. The volume demonstrates the diversity of attitudes toward violence within Muslim societies and thus helps to overcome essentialist assumptions about Islamic violence. 606 $aViolence$zIslamic countries 606 $aViolence$zIslamic countries$xPublic opinion 606 $aPublic opinion$zIslamic countries 606 $aMuslims$xSocial conditions 606 $aIslam and social problems 607 $aIslamic countries$xSocial conditions 615 0$aViolence 615 0$aViolence$xPublic opinion. 615 0$aPublic opinion 615 0$aMuslims$xSocial conditions. 615 0$aIslam and social problems. 676 $a306.6091767 686 $aBE 8660$qSEPA$2rvk 701 $aLange$b Christian$f1975-$01898393 701 $aFierro$b Ma. Isabel$g(Mari?a Isabel)$0636320 801 0$bMiAaPQ 801 1$bMiAaPQ 801 2$bMiAaPQ 906 $aBOOK 912 $a9910969949703321 996 $aPublic violence in Islamic societies$94555462 997 $aUNINA